2000s Movies A-Z II Quiz Stats

 Plays Quiz Updated Oct 5, 2018

Score 0/26 Timer 06:00
324 Plays Today
% Correct
Avatar
99.5%
Harry Potter & the Sorcerer’s Stone
97.6%
Finding Nemo
97.4%
Elf
96%
Shrek
95.8%
Wedding Crashers
85.3%
Ocean’s Eleven
84%
V for Vendetta
82.3%
I Am Legend
80%
Ray
79.9%
Bridget Jones’s Diary
78.7%
Million Dollar Baby
77.9%
Napoleon Dynamite
77.4%
% Correct
The Curious Case of Benjamin Button
77%
Knocked Up
76.4%
The Pianist
76.3%
Zombieland
75.3%
xXx
74.1%
Quantum of Solace
72.4%
Gangs of New York
71.4%
Jarhead
64.5%
Lost in Translation
60.8%
District 9
60.1%
Training Day
58.3%
Unbreakable
51.2%
Yes Man
41.1%

You're not logged in!

Compare scores with friends on all Sporcle quizzes.
OR
Log In

Sporcle TV

Today on Sporcle TV


Watch our educational content, quiz creation guides, and fun videos on Sporcle TV.

Show Comments

Extras

Top Quizzes Today


Score Distribution

Your Account Isn't Verified!

In order to create a playlist on Sporcle, you need to verify the email address you used during registration. Go to your Sporcle Settings to finish the process.

Report this User

Report this user for behavior that violates our Community Guidelines.

Details: